| 000 | 00811nam a2200229Ia 4500 | ||
|---|---|---|---|
| 003 | OSt | ||
| 005 | 20251230104533.0 | ||
| 008 | 210716s2016 xx 000 0 und d | ||
| 020 | _a9789332570450 | ||
| 040 | _cAIMIT LIBRARY | ||
| 041 | _aeng | ||
| 082 |
_a005.768 _21 _bALIA |
||
| 100 |
_aAli, Arshad. _9249746 |
||
| 245 |
_aSams teach yourself big data analytics with microsoft HD insight: _bIn 24 hours / _cBy Arshad Ali and Manpreet singh. |
||
| 250 | _a1st ed. | ||
| 260 |
_aNew Delhi : _bPearson Education , _c2016. |
||
| 300 |
_axiii,572 p.; _bPB _c24.5 cm. |
||
| 650 |
_aQuerying and processing big data in HD insight _9249747 |
||
| 650 |
_aManaging workflow and performing statistical computing _9249748 |
||
| 650 |
_aPerforming real time analytics _9249749 |
||
| 942 |
_2ddc _cBK _e1st _k005.768 ALIA |
||
| 999 |
_c196470 _d196470 |
||